Elements of mechanics of materials (Record no. 6596)

000 -LEADER
fixed length control field 00580nam a22002051 4500
001 - CONTROL NUMBER
control field 6129579
003 - CONTROL NUMBER IDENTIFIER
control field BD-DhUET
008 - FIXED-LENGTH DATA ELEMENTS--GENERAL INFORMATION
fixed length control field 730221s1966 njua b 000 0 eng
040 ## - CATALOGING SOURCE
Original cataloging agency DLC
Transcribing agency ODaWU
Modifying agency OCoLC
-- Uk
-- BD-DhUET
050 00 - LIBRARY OF CONGRESS CALL NUMBER
Classification number TA405
Item number .O37 1966
082 ## - DEWEY DECIMAL CLASSIFICATION NUMBER
Classification number 620.11
Item number OLS/1966
100 1# - MAIN ENTRY--PERSONAL NAME
Personal name Olsen, Gerner A.
245 10 - TITLE STATEMENT
Title Elements of mechanics of materials
Statement of responsibility, etc. by Gerner A. Olsen
250 ## - EDITION STATEMENT
Edition statement 2d ed.
260 ## - PUBLICATION, DISTRIBUTION, ETC. (IMPRINT)
Place of publication, distribution, etc. New Jersey
Name of publisher, distributor, etc. Prentice-Hall
Date of publication, distribution, etc. 1966
300 ## - PHYSICAL DESCRIPTION
Extent xxii, 591 p.
Other physical details illus.
Dimensions 24 cm.
504 ## - BIBLIOGRAPHY, ETC. NOTE
Bibliography, etc includes bibliographics
650 #0 - SUBJECT ADDED ENTRY--TOPICAL TERM
Topical term or geographic name as entry element Strength of materials
942 ## - ADDED ENTRY ELEMENTS (KOHA)
Koha item type General Book
Holdings
Sublocation or collection (holding branch) Koha normalized classification for sorting Copy number Piece designation (barcode) Damaged status Price effective from Shelving location Koha issues (times borrowed) Withdrawn status Koha date last borrowed Koha item type Koha date last seen Lost status Not for loan Date acquired Source of classification or shelving scheme Location (home branch) Koha full call number
Central Library, BUET620_110000000000000_OLS_19662829221 2014-12-04Circulation section   Contented Book 2014-12-04  2014-12-04 Central Library, BUET620.11 /OLS/1966
Central Library, BUET620_110000000000000_OLS_19662329216 2014-12-04Circulation section1 2018-11-20Contented Book 2018-12-04  2014-12-04 Central Library, BUET620.11 /OLS/1966
Central Library, BUET620_110000000000000_OLS_19661329206 2014-12-04Circulation section1 2022-08-29Contented Book 2022-10-01  2014-12-04 Central Library, BUET620.11/OLS/1966
Central Library, BUET620_110000000000000_OLS_1966419846 2014-12-04Circulation section   Contented Book 2014-12-04  2014-12-04 Central Library, BUET620.11/OLS/1966
Central Library, BUET620_110000000000000_OLS_1966152406 2014-12-04Circulation section1 2022-06-20Contented Book 2022-07-23  2014-12-04 Central Library, BUET620.11/OLS/1966
Central Library, BUET620_110000000000000_OLS_1966613917 2015-06-16Reading section   Reading Item2015-06-16  2015-06-16 Central Library, BUET620.11/OLS/1966
Central Library, BUET620_110000000000000_OLS_1966829227 2015-06-29Reading section   Reading Item2015-06-29  2015-06-29 Central Library, BUET620.11/OLS/1966